Arta výber zahraničných článkov o výtvarnom umení

Bibliographic Details
Format: Journal
Language:Slovak
PhysicalDescription:zv. 28 x 21 cm
Published: Bratislava Slovenská národná galéria 1972-1976
Subjects:

MARC

LEADER 00000cas a2200000 a 4500
001 vtls001299658
003 SK-MaSNL
005 20260228163919.0
008 970819d19721976xo r|p 0 0 0slo
035 |a SNK000251637 
040 |a SNK  |b slo  |c SNK  |e AACR2 
041 0 |a slo 
044 |a xo  |c SK 
072 7 |a 72/76  |x Výtvarné umenie  |2 konspekt 
080 |a 72/76  |2 2011 
080 |a (051)-048.55  |2 2011 
080 |a 050  |2 2011 
245 0 0 |a Arta  |b výber zahraničných článkov o výtvarnom umení 
260 |a Bratislava  |b Slovenská národná galéria  |c 1972-1976 
300 |a zv.  |c 28 x 21 cm 
310 |a 7x ročne 
362 0 |a Roč. 1, č. 1 ( 1972)-roč. 5, č. 3 (február 1976) 
650 0 7 |a výtvarné umenie  |2 SNKPH  |9 723 
655 7 |a špecializované časopisy  |2 SNKPH  |9 70509 
710 2 |a Slovenská národná galéria  |4 pbl  |9 59840 
910 |a snk 
999 |c 11240  |d 13170 
952 |0 0  |1 0  |4 0  |7 0  |a SNK  |b SNK  |d 1997-08-19  |l 0  |o snkČSC 2468/2/1973/1  |r 2005-01-02 00:00:00  |t č. 1-4  |w 2026-02-21  |y PREZ 
952 |0 0  |1 0  |4 0  |7 0  |8 5  |a SNK  |b SNK  |d 1997-08-19  |i snkF 1031/97  |l 0  |o snkČSC 2468/2/1973/1 D1  |p 17A0088280  |r 2005-01-02 00:00:00  |t č. 1-4  |w 2026-02-21  |y PREZ